| 000 | 00370nam a2200121Ia 4500 | ||
|---|---|---|---|
| 008 | 240126s9999 xx 000 0 und d | ||
| 041 | _aEnglish | ||
| 245 | 0 | _aJournal of contemporary research in management : a quarterly journal of contemporary issues | |
| 260 | _aNandaGopal | ||
| 440 | _aNULL | ||
| 650 | _aJouranl,contemporaty,management,contemporary | ||
| 942 | _cJN | ||
| 999 |
_c262941 _d262941 |
||